|
|
|
|
| LEADER |
00000nam a2200000 a 4500 |
| 001 |
vtls001225319 |
| 003 |
SK-MaSNL |
| 005 |
20260224002739.0 |
| 008 |
960412s1992 xx 0 und |
| 020 |
|
|
|a 8323007691
|c [100,00]
|
| 035 |
|
|
|a SNK000172282
|
| 040 |
|
|
|a SNK
|b slo
|c SNK
|e AACR2
|
| 245 |
1 |
|
|a Studia z filologii rosyjskiej i słowiańskiej. T. 21, [1992]
|b Zagadnienia językoznawcze
|
| 260 |
|
|
|a Warszawa
|b Wydawnictwa Uniwersytetu Warszawskiego
|c 1992
|
| 919 |
|
|
|a 83-230-0769-1
|
| 999 |
|
|
|c 768921
|d 770851
|
| 952 |
|
|
|t P60, <04>, [BOOK], {606}
|a SNK
|b SNK
|y VYP
|7 0
|p 17A0027754
|o snkČC 3898/1992.21
|i snkV 248/97
|0 0
|1 1
|4 0
|d 1997-01-21
|l 0
|r 2005-01-01 00:00:00
|w 2026-02-24
|